LEADER 03604nam a2200793 i 4500
001 nkc20253677412
003 CZ PrNK
005 20250506131542.0
007 ta
008 250318s2010 xr acehf 000 0dcze
015 |a cnb003677412 
020 |q (Vázáno) :  |c neprodejné 
035 |a (OCoLC)1519101727 
040 |a OLA001  |b cze  |d ABA001  |e rda 
043 |a e-xr---  |b e-xr-kr  |2 czenas 
045 |a v1y1 
072 7 |a 373.5  |x Střední školy  |2 Konspekt  |9 22 
080 |a 373.5-021.311  |2 MRF 
080 |a 37.091.12-057.177.3  |2 MRF 
080 |a 373.5/.6.011.3-051  |2 MRF 
080 |a 37.091.252  |2 MRF 
080 |a 373.5-057.8  |2 MRF 
080 |a 37.091(091)  |2 MRF 
080 |a (437.3)  |2 MRF 
080 |a (437.313)  |2 MRF 
080 |a (048.8)  |2 MRF 
080 |a (083.8)  |2 MRF 
080 |a (084.12)  |2 MRF 
110 2 |a Gymnázium Františka Martina Pelcla (Rychnov nad Kněžnou, Česko)  |7 ko2002161822  |4 aut 
245 1 0 |a Gymnázium v Rychnově nad Kněžnou 1714-2010 na tablech a skupinových fotografiích /  |c na publikaci spolupracovali: Gymnázium Františka Martina Pelcla v Rychnově n. Kn., Státní okresní archiv Rychnov n. Kn., Muzeum a galerie Orlických hor Rychnov n. Kn., profesoři a absolventi školy 
264 1 |a [Rychnov nad Kněžnou] :  |b Jiří Žabokrtský,  |c 2010 
300 |a 975 stran :  |b ilustrace (některé barevné), portréty, plány, faksimile ;  |c 21 x 29 cm 
336 |a text  |b txt  |2 rdacontent 
336 |a statický obraz  |b sti  |2 rdacontent 
337 |a bez média  |b n  |2 rdamedia 
338 |a svazek  |b nc  |2 rdacarrier 
500 |a Chronologický přehled 
521 8 |a Určeno profesorům a absolventům gymnázia v Rychnově nad Kněžnou, nikoli široké veřejnosti 
610 2 7 |a Gymnázium Františka Martina Pelcla (Rychnov nad Kněžnou, Česko)  |7 ko2002161822  |2 czenas 
648 4 |a 1714-2010 
648 7 |a 18.-21. století  |7 ch757020  |2 czenas 
648 7 |a 19.-21. století  |7 ch757016  |2 czenas 
650 0 7 |a gymnázia  |7 ph114644  |z Česko  |y 18.-21. století  |2 czenas 
650 0 7 |a ředitelé škol  |7 ph459481  |z Česko  |y 18.-21. století  |2 czenas 
650 0 7 |a středoškolští učitelé  |7 ph126244  |z Česko  |y 18.-21. století  |2 czenas 
650 0 7 |a školní třídy  |7 ph332181  |z Česko  |y 18.-21. století  |2 czenas 
650 0 7 |a absolventi středních škol  |7 ph118241  |z Česko  |y 19.-21. století  |2 czenas 
650 0 7 |a dějiny školství  |7 ph536908  |z Česko  |2 czenas 
650 0 9 |a high schools  |z Czechia  |y 18th-21st centuries  |2 eczenas 
650 0 9 |a school principals  |z Czechia  |y 18th-21st centuries  |2 eczenas 
650 0 9 |a secondary school teachers  |z Czechia  |y 18th-21st centuries  |2 eczenas 
650 0 9 |a school classes  |z Czechia  |y 18th-21st centuries  |2 eczenas 
650 0 9 |a secondary school graduates  |z Czechia  |y 19th-21st centuries  |2 eczenas 
650 0 9 |a history of education  |z Czechia  |2 eczenas 
651 7 |a Rychnov nad Kněžnou (Česko)  |7 ge130705  |2 czenas 
651 9 |a Rychnov nad Kněžnou Region (Czechia)  |2 eczenas 
655 7 |a monografie  |7 fd132842  |2 czenas 
655 7 |a seznamy  |7 fd133378  |2 czenas 
655 7 |a fotografické publikace  |7 fd132276  |2 czenas 
655 9 |a monographs  |2 eczenas 
655 9 |a lists  |2 eczenas 
655 9 |a photographical works  |2 eczenas 
710 2 |a Státní okresní archiv Rychnov nad Kněžnou  |7 olak20251257067  |4 aut 
710 2 |a Orlická galerie (Rychnov nad Kněžnou, Česko)  |7 kn20070125003  |4 aut 
910 2 |a BOA001  |b 4-1539.901 
990 |a BK 
995 |a 01 
991 |b 202503  |c NOV 
996 6 |b 2610998712  |c 4-1539.901  |l MZK  |r Sklad / do 1 hodiny  |n 0  |p p.v.  |w 001999494  |u 000010  |a 1  |e BOA001  |j MZK50  |s P